States That Don’t Have FCS College Football Teams - Statistics

General Stats
  • This quiz has been taken 19 times
  • The average score is 10 of 12
Answer Stats
Answer % Correct
Alaska
94%
Vermont
94%
Hawaii
89%
Michigan
89%
Wisconsin
89%
Nebraska
83%
New Mexico
83%
Wyoming
83%
Kansas
78%
Oklahoma
78%
West Virginia
78%
Nevada
67%
No matching quizzes found
Score Distribution
Percent of People with Each Score
Percentile by Number Answered
Your Score History
You have not taken this quiz